| 000 | 00361nam a2200145Ia 4500 | ||
|---|---|---|---|
| 008 | 230917s9999||||xx |||||||||||||| ||und|| | ||
| 040 |
_e18094 _aMAIN |
||
| 041 | _aEnglish | ||
| 082 | _a33.9 M278T | ||
| 100 | _aMahajan, V S | ||
| 245 | 0 | _aTowards a theory of economic development | |
| 260 |
_aNew Delhi _bS Chand _c1978 |
||
| 300 | _avi,149 p. | ||
| 942 | _cBK | ||
| 999 |
_c217155 _d217155 |
||